00428nam a22001578a 4500020001700000040000800017082002600025100002200051245004000073260003600113300002800149500002100177650002100198650003000219700002100249 a0812963369 : cDLC a581 ARN 1985 C166 Or.1 aKrochmal, Arnold,12aA field guide to medicinal plants / aNew York :bTimes Books,cc1984 a274 p. :bill. ;c24 cm aIncludes indexes 0aMedicinal plants 0aMateria medica, Vegetable10aKrochmal, Connie